000 00296nam a22001337a 4500
008 171013b xxu||||| |||| 00| 0 eng d
020 _a9780801860430
041 _aeng
080 _a316
100 _a50
101 _aSOC
245 _aSEXUALLY TRANSMITTED DISEASES
_cMARR, L
942 _2udc
_cBK
999 _c33646
_d33646